• 首页
  • 本馆介绍
  • 公告通知
  • 最新文献
  • 馆藏检索
  • 电子资源
  • 读者导购
  • 参考咨询
  • 我的图书馆
  • 登录
  • 详细信息显示
  • 放入我的书架
  • 预约/预借图书
  • 作者相关作品
  • 分类相关作品
  • 丛书相关作品
  • 出版社相关作品

书目信息

  • 表格格式
  • 工作单格式
  • 卡片格式
题名:
中国民族打击乐器演奏与应用
    
 
作者: 蔡明君 著
分册:  
出版信息: 北京   九州出版社  2021.6
页数: 210页
开本: 24cm
丛书名:
单 册:
中图分类: J632.5
科图分类:
主题词: 民族击乐器--奏法--研究--中国
电子资源:
ISBN: 978-7-5108-9408-4
000 01006nam0 2200241 45
001 490038
005 20140817155900.0
010    @a978-7-5108-9408-4@dCNY65.00
100    @a20210226d2020 em y0chiy0110 ea
101 0  @achi
102    @aCN@b110000
105    @aag z 000yy
106    @ar
200 1  @a中国民族打击乐器演奏与应用@Azhong guo min zu da ji yue qi yan zou yu ying yong@f蔡明君著
210    @a北京@c九州出版社@d2021.6
215    @a210页@c图@d24cm
300    @a2019年度山东省社会科学规划项目“山东省柳琴戏打击乐艺术的发展与创新研究”研究成果
330    @a本书对中国民族打击乐的发展脉络进行梳理,对中国民族打击乐演奏与应用的相关问题进行分析,以期更好地弘扬中国的民族打击乐文化。开篇先分析了打击乐的发展历史,又分析了打击乐的分类与演奏技法,最后分析了打击乐在民族管弦乐中的应用,并选择了部分打击乐作品进行分析。
606 0  @a民族击乐器@x奏法@x研究@y中国
690    @aJ632.5@v5
701  0 @a蔡明君@Acai ming jun@4著
801    @aCN@b江苏凤凰@c20211018
905    @b1355378-81@dJ632.5@e215@f4
    
    中国民族打击乐器演奏与应用/蔡明君著.-北京:九州出版社,2021.6
    210页:图;24cm
    2019年度山东省社会科学规划项目“山东省柳琴戏打击乐艺术的发展与创新研究”研究成果
    
    ISBN 978-7-5108-9408-4:CNY65.00
    本书对中国民族打击乐的发展脉络进行梳理,对中国民族打击乐演奏与应用的相关问题进行分析,以期更好地弘扬中国的民族打击乐文化。开篇先分析了打击乐的发展历史,又分析了打击乐的分类与演奏技法,最后分析了打击乐在民族管弦乐中的应用,并选择了部分打击乐作品进行分析。
●
相关链接 在E读中查询图书 在五车中查询图书 在当当中查询图书 在豆瓣中查询图书


正题名:中国民族打击乐器演奏与应用     索取号:J632.5/215         预约/预借

序号 登录号 条形码 馆藏地/架位号 状态 备注
1 1355378   213553787   第一样本阅览室/ [索取号:J632.5/215] 在馆    
2 1355379   213553796   第一借阅区/ [索取号:J632.5/215] 在馆    
3 1355380   213553803   第一借阅区/ [索取号:J632.5/215] 在馆    
4 1355381   213553812   第一借阅区/ [索取号:J632.5/215] 在馆    
唐山师范学院图书馆 欢迎您!
大连网信软件有限公司© 版权所有